000 00410nam a22001697a 4500
003 MPLRDC
005 20220104143935.0
008 210129b ||||| |||| 00| 0 eng d
082 _a539.5226 KPR
100 _a衡山县文化局编
245 _a南岳的传说
_c
250 _a初版
260 _a
_b湖南人民出版社
_c1981
300 _b
650 _a民间传说
942 _cBK
_o539.5226 KPR
999 _c44843
_d44833